| 000 | 00770cab a2200229 4500 | ||
|---|---|---|---|
| 001 | ABS41899 | ||
| 008 | 090401t1989 xxu||||| |||| 00| 0 eng d | ||
| 035 | _a(Sirsi) u33353 | ||
| 041 | _aeng | ||
| 100 | _aBailey, A. | ||
| 245 | _aEstate agency: down but not out | ||
| 260 | _c1989 | ||
| 350 | _a0 | ||
| 490 |
_aProperty Director _v(15) Winter 1989 3 |
||
| 520 | _aReviews the findings of the RICS working party, which recommends reducing the "subject to contract" time period when buying a house and suggests open-ended bridging loans should become more accessible to assist in this. | ||
| 650 | _aESTATE AGENCY | ||
| 650 | _aHOUSE PURCHASE | ||
| 650 | _aHOUSE TRANSFER SYSTEM | ||
| 690 | _aPROPERTY LAW AND PRACTICE | ||
| 942 | _n0 | ||
| 948 | _c04/03/1997 | ||
| 999 |
_c22290 _d22290 |
||